Länder, die Rumänien am Nächsten Liegen - Statistiken

Allgemein
  • Dieses Quiz wurde 143 mal gespielt
  • Das Durchschnittsergebnis liegt bei 18 aus 20
Antwortstatistiken
Km Land % Korrekt
0 Bulgarien
100%
0 Serbien
98%
235 Griechenland
97%
0 Ungarn
97%
156 Kosovo
95%
68 Slowakei
95%
0 Ukraine
95%
107 Kroatien
94%
0 Moldawien
93%
220 Russland
93%
284 Slowenien
93%
266 Albanien
92%
304 Österreich
91%
129 Bosnien und Herzegowina
90%
201 Türkei
90%
221 Montenegro
89%
101 Polen
89%
170 Mazedonien
87%
322 Tschechien
85%
365 Weißrussland
85%
Keine übereinstimmenden Quizze gefunden
Verteilung der Resultate
Anzahl Personen mit jedem Resultat
Perzentil nach korrekt beantworteten Fragen
Ihre Resultats-Entwicklung
Sie haben dieses Quiz noch nicht gespielt